000 00350nam a2200157Ia 4500
100 _aHamel/Gary
942 _cRB
366 _f10
654 _afuture of management
245 _aThe future of Management
260 _bHarward Business School Press
_aMumbai
_c2007
082 _a658/HAM
_bHAM
300 _a272
546 _aENGLISH
999 _c34860
_d34860